The Constitution and what it means today

Gespeichert in:
Bibliographische Detailangaben
1. Verfasser: Corwin, Edward Samuel (VerfasserIn)
Format: Buch
Sprache:Englisch
Veröffentlicht: Princeton Princeton University 1958
Ausgabe:12a. ed
Schlagworte:
Tags: Tag hinzufügen
Keine Tags, Fügen Sie den ersten Tag hinzu!

MARC

LEADER 00000nam a2200000 a 4500
001 UCS0329
003 CL-VaPUC
008 970418e19580000US |||||||||||||||||eng|d
082 0 4 |a 342.73  |b COR  |2 21 
100 |a Corwin, Edward Samuel  |e author  |9 383644 
245 1 4 |a The Constitution and what it means today 
250 |a 12a. ed 
300 |a 344 p 
942 |c BK 
945 |d 19970418 00:00:00  |a lriquelm 
260 |a Princeton  |b Princeton University  |c 1958 
650 0 |a Derecho constitucional   |9 222588 
650 0 |a Constituciones  |9 255417 
650 0 |a Poder judicial  |9 254871 
650 0 |a Poder ejecutivo  |9 255177 
650 0 |a Poder legislativo  |9 258808 
651 0 |a Estados Unidos  |9 255178 
583 |a last modification  |c 20130318 06:57:41  |k Rodrigo Vera 
999 |c 258561  |d 258559 
952 |0 0  |1 0  |4 0  |6 342_730000000000000_COR_1958  |7 0  |8 A  |9 282744  |a BIBDER  |b BIBDER  |d 2019-11-19  |i 1825844  |o 342.73 COR 1958  |p 1825844  |r 2023-01-25  |w 2019-11-19  |y BK  |k DER